|
|
|
|
| LEADER |
01282nam a2200301 a 4500 |
| 001 |
3341 |
| 003 |
BD-DhAAL |
| 005 |
20150610102303.0 |
| 008 |
150610s1995 nyuabf b 001 0 eng |
| 010 |
|
|
|a 94048706
|
| 020 |
|
|
|a 0471114588 (acidfree paper)
|
| 040 |
|
|
|a DLC
|c DLC
|d DLC
|d BD-DhAAL
|
| 050 |
0 |
0 |
|a D810.S7
|b B669 1995
|
| 082 |
0 |
0 |
|a 940.54/8673
|2 20
|
| 100 |
1 |
|
|a Breuer, William B.,
|d 1922-2010.
|9 11871
|
| 245 |
1 |
0 |
|a MacArthur's undercover war :
|b spies, saboteurs, guerrillas, and secret missions /
|c William B. Breuer.
|
| 260 |
|
|
|a New York :
|b J. Wiley and Sons,
|c c1995.
|
| 300 |
|
|
|a xii, 257 p., [16] p. of plates :
|b ill., maps ;
|c 24 cm.
|
| 504 |
|
|
|a Includes bibliographical references (p. 241-250) and index.
|
| 541 |
|
|
|e 3341
|
| 600 |
1 |
0 |
|a MacArthur, Douglas,
|d 1880-1964.
|9 11872
|
| 650 |
|
0 |
|a World War, 1939-1945
|x Campaigns
|z Pacific Area.
|9 11873
|
| 650 |
|
0 |
|a World War, 1939-1945
|x Secret service
|z United States.
|9 11874
|
| 650 |
|
0 |
|a World War, 1939-1945
|x Military intelligence
|z Pacific Area.
|9 11875
|
| 700 |
1 |
|
|a MacArthur, Douglas,
|d 1880-1964.
|9 11876
|
| 942 |
|
|
|2 ddc
|c BK
|
| 999 |
|
|
|c 34678
|d 34678
|
| 952 |
|
|
|0 0
|1 0
|2 ddc
|4 0
|6 940_548673000000000_BRE
|7 0
|9 54224
|a SCL
|b SCL
|c GEN
|d 2015-06-10
|l 3
|m 12
|o 940.548673 BRE
|p 3020003341
|r 2026-04-21
|s 2026-04-07
|t 1
|w 2015-06-10
|y BK
|